Top 25 Winningest FBS Schools - Statistics

General Stats
  • This quiz has been taken 130 times
  • The average score is 19 of 25
Answer Stats
# Answer % Correct
6 Alabama
99%
1 Michigan
98%
3 Texas
98%
22 Florida
96%
11 Georgia
95%
5 Ohio State
94%
10 USC
94%
7 Oklahoma
93%
2 Notre Dame
92%
12 Louisiana State
83%
4 Nebraska
83%
9 Tennessee
83%
13 Auburn
80%
8 Penn State
80%
20 Clemson
79%
19 Washington
79%
16 Texas A&M
70%
17 Georgia Tech
66%
15 Virginia Tech
56%
21 Arkansas
54%
25 Colorado
53%
18 Pittsburgh
53%
24 Navy
46%
14 West Virginia
46%
23 Syracuse
42%
No matching quizzes found
Score Distribution
Percent of People with Each Score
Percentile by Number Answered
Your Score History
You have not taken this quiz